| 000 | 00968nam a2200265 i 4500 | ||
|---|---|---|---|
| 001 | 32051 | ||
| 003 | ES-MaACL | ||
| 005 | 20230906154513.0 | ||
| 007 | t| | ||
| 008 | 021202s2002 sp ||||1| spa d | ||
| 020 | _a84-7476-328-5 | ||
| 080 | _a338.46.02(460):615 | ||
| 080 | _a351.77(460) | ||
| 100 | 1 |
_aChaqués Bonafont, Laura. _938052 |
|
| 245 | 1 | 0 |
_aEstructura y política farmacéutica / _cLaura Chaqués Bonafont. |
| 250 | _a1ª ed. | ||
| 260 |
_aMadrid : _bCentro de Investigaciones Sociológicas : _bSiglo XXI de España, _c2002. |
||
| 300 |
_aXIV, 385 p. ; _c21 cm. |
||
| 490 | 1 |
_aColección "Monografías" (Centro de Investigaciones Sociológicas (España)) ; _v188 |
|
| 504 | _aBibliografía: p.[359]-382. | ||
| 651 | 4 |
_aEspaña- _xPolítica farmacéutica. _98430 |
|
| 830 | 0 |
_aColección "Monografías" (Centro de Investigaciones Sociológicas (España)) ; _v188 _9177925 |
|
| 852 |
_aES-MaACL _jL-26104 _bR.131780 |
||
| 999 |
_c32051 _d32051 |
||